000 00748nam a2200265Ia 4500
003 OSt
005 20221006160022.0
006 a|||||r|||| 00| 0
007 ta
008 221006b |||||||| |||| 00| 0 eng d
020 _a9781931907477
_c
_13.81
024 _a44,072
037 _bGift, Korean Embassy ( Window on Korea)
_cTextual
040 _aEASL
_cEASL
_beng
041 _2eng
_aeng
082 _aO495,3N57, P8
100 _aLee Sun-Won
_9671484
245 0 _aSusaek
_b A Novel
260 _aParamus
_bHoma &Sekey Books
_c2008
300 _a186p.
_ccm.
490 _v KEL
650 _aKEL
942 _hO495,3N57, P8
_cTEXL
_2CC
999 _c1112164
_d1112164